000 00637nab a2200181 4500
999 _c372267
_d372267
001 90031
003 OSt
005 20230303124910.0
007 tu
008 110905s2000|||||||
040 _aDE-2950
_cDE-2950
245 0 0 _aDemonstration für Frieden und gegen Waffenlieferungen.
_bEin Jahr Ukraine-Krieg. Etwa 1300 Menschen kamen am Sonnabend zur Demonstration der Gruppe "Freigeister" in Frankfurt. Es blieb weitgehend friedlich /
_cInes Weber-Rath
264 _c2023
653 _aFrankfurt (Oder)
653 _aDemonstration
773 0 _g34. Jahrgang (2023) Nr. 49, 27.02.2023, S. 13: Foto
_tMärkische Oderzeitung
942 _2z
_cA